000 01192nam a2200217 i 4500
001 bgj
110 2 _aTelewizja Polska.
245 0 0 _a"...swego nie znacie..." Katalog zabytków :
_btelewizyjne audycje dla szkół podstawowych, gimnazjów i szkół ponadgimnazjalnych /
_cTelewizja Polska S. A.
260 _aWarszawa :
_bMENiS,
_c2004.
300 _avideo cassette ;
_c185 min.
490 1 _aPowszechna Wideoteka Edukacyjna
505 _aTematy audycji telewizyjnych: "Chotyniec", "Dębno Podhalańskie", "Gidle - Kościół św. Magdaleny", "Gosprzydowa", "Grębień koło Wielunia", "Grywałd", "Haczów", "Harklowa", "Kadłub koło Wielunia", "Kampinos", "Krempina", "Przydonica", "Łaszew koło Wielunia", "Łopuszna", "Mogiła - Kościół św. Bartłomieja", "Mogiła Opactwo Cystersów", "Mnichów", "Koniecpol", "Popowice koło Wielunia".
650 9 _aHistory of Poland
_xVideo cassettes in education
650 9 _aHistory and society
_xVideo cassettes in education
650 9 _aRegional education
_xVideo cassettes in education
830 _aPowszechna Wideoteka Edukacyjna
040 _cBPK
041 0 _apol
942 _cKS
008 s pl f |000 0 pol
999 _c51004
_d51004
856 _uhttp://koha.tu.koszalin.pl/cgi-bin/koha/opac-detail.pl?biblionumber=51004
_yKatalog online BPK